Mollusc diseases : Guide for the shellfish farmer

Bewaard in:
Bibliografische gegevens
Hoofdauteur: Elton, Ralph A.
Formaat: Boek
Taal:Undetermined
Gepubliceerd in: United States Washington Sea Grant Program 1990
Onderwerpen:
Tags: Voeg label toe
Geen labels, Wees de eerste die dit record labelt!
Thư viện lưu trữ: Trung tâm Học liệu Trường Đại học Cần Thơ
LEADER 00558nam a2200205Ia 4500
001 CTU_38886
008 210402s9999 xx 000 0 und d
082 |a 639.96 
082 |b E49 
100 |a Elton, Ralph A. 
245 0 |a Mollusc diseases : 
245 0 |b Guide for the shellfish farmer 
245 0 |c Ralph A. Elton 
260 |a United States 
260 |b Washington Sea Grant Program 
260 |c 1990 
650 |a Bivalvia,Mollusks 
650 |x Diseases,Diseases 
904 |i Giang 
980 |a Trung tâm Học liệu Trường Đại học Cần Thơ